000 00667nam a2200193 i 4500
001 145906
003 ES-MaACL
005 20230906201343.0
007 t|
008 071017s1925 sp |||| | spa d
110 2 _aAteneo de Cáceres.
_91859
245 1 0 _aMemoria del secretario D. Juvenal de Vega y discurso del presidente D. Publio Hurtado
_b: leídos en la solemne sesión inaugural de 12 octubre de 1925.
260 _aCáceres :
_bImp. y Enc. La Minerva,
_c1925.
300 _a18 p. ;
_c21 cm.
610 2 4 _aAteneo de Cáceres.
_91859
700 1 _aVega y Relea, Juvenal de.
_9113635
700 1 _aHurtado, Publio.
_964784
852 _aES-MaACL
_j1696-F-12
999 _c145906
_d145906